Marsz Żywych: konfrontacja z antypolskimi stereotypami

Titel: Marsz Żywych: konfrontacja z antypolskimi stereotypami
Verfasser:
In: Polacy i Żydzi, (2008), Seite 213-221
alle Artikel anzeigen
Veröffentlicht: 2008
Format: Aufsatz
Sprache: Polnisch
Kein Bild verfügbar
X
alg: 39433203
001A    $01999:12-11-16 
001B    $01999:29-04-21 $t21:33:09.000 
001D    $01999:12-11-16 
001U    $0utf8 
001X    $00 
002@    $0Aox 
003@    $0394332032 
007A    $0394332032 $aHEB 
007T    $0Herdkk00041156 
010@    $apol 
011@    $a2008 
021A    $aMarsz Żywych: konfrontacja z antypolskimi stereotypami 
028A    $aSlutsky $dCarolyn 
031A    $h213-221 $j2008 
039B    $aIn $8--Aau--. Polacy i Żydzi. - Warszawa : Biblioteka Więzi, 2008. - 254 S.. - ISBN 978-83-60356-48-7 $x200800000000000787 $9212610678 
045F    $a306.09438 $eDDC23BSB 
045F/01 $a306.09 
045F/03 $g438 

lok: 39433203 78

exp: 39433203 78 1 #EPN
201B/01 $018-11-16 $t11:17:46.000 
201U/01 $0utf8 
203@/01 $079044254X 
208@/01 $a12-11-16 $be 
209A/01 $a/ $f000 $x00 
220C/01 $aHerkunft: PBB/IH PAN 
244Z/01 $2Trx $#Poola $#Lenkija $#Polija $#Polen Land $#Poland $#Lengyelország $#Poľsko $#Polsko $8--Trx--Polska$gkraj $x01 $9391345966 
244Z/01 $2Trx $#stereotüübid $#stereotipai $#Stereotypes $#sztereotipiák $#stereotypy $#stereotypy $#stereotypy $#Imagologie $#Fremdwahrnehmung $#Fremdenwahrnehmung $#imagologia $#imagológia $#imagologie $8--Trx--Stereotype $x02 $9391366254 
244Z/01 $2Trx $8--Trx--Einzelbeiträge $x03 $9391384570 
245Z/01 $a09.12 $x01 
247C/01 $82080>Marburg/Lahn, Herder-Institut, Forschungsbibliothek, Bibliographieportal $9336309341
LEADER 00000caa a22000002c 4500
001 394332032
003 DE-603
005 20210429213309.0
007 tu
008 161112s2008 xx |||| | u00||u|pol c
035 |a (DE-599)HEB394332032 
040 |a DE-603  |b ger  |c DE-603  |d DE-603 
041 |a pol 
082 0 4 |8 1\u  |a 306.09438  |q DE-101  |2 23/BSB 
085 |8 1\u  |b 306.09 
085 |8 1\u  |z 2  |s 438 
100 1 |a Slutsky, Carolyn 
245 0 0 |a Marsz Żywych: konfrontacja z antypolskimi stereotypami 
264 0 |c 2008 
773 0 8 |i In  |t Polacy i Żydzi  |d Warszawa : Biblioteka Więzi, 2008  |h 254 S.  |z 9788360356487  |g (2008), Seite 213-221  |w (DE-603)212610678 
924 0 |9 2080  |a (DE-603)79044254X  |b DE-2080  |c HES  |d d  |g /